Computerized shipping systems : increasing profit and productivity through technology

Αποθηκεύτηκε σε:
Λεπτομέρειες βιβλιογραφικής εγγραφής
Κύριος συγγραφέας: Taylor, Mark A.
Άλλοι συγγραφείς: Stein, David F. (Επιμελητής έκδοσης), Tanner, Don (Επιμελητής έκδοσης)
Μορφή: Βιβλίο
Γλώσσα:English
Δημοσίευση: Plymouth, Michigan : Angelico & Taylor, Inc., 1995
Θέματα:
Ετικέτες: Προσθήκη ετικέτας
Δεν υπάρχουν, Καταχωρήστε ετικέτα πρώτοι!

MARC

LEADER 00000cam a2200000 i 4500
001 1/20968
008 010903s1995 eng d
020 |a 0-964835-50-9 
035 |l 10067218 
040 |a GR-MY-UA  |b gre  |e aacr 
041 0 |a eng 
082 0 |a 387.540285 
100 1 |a Taylor, Mark A. 
245 1 0 |a Computerized shipping systems :  |b increasing profit and productivity through technology /  |c by Mark A. Taylor ; editors: David F. Stein; Don Tanner 
260 |a Plymouth, Michigan :   |b Angelico & Taylor, Inc.,   |c 1995 
300 |a viii, 176 p. 
500 |a UPS, RPS, RedEx, Airborne 
650 0 0 |a Shipment of goods  |x Data processing. 
650 0 0 |a Profit. 
650 0 0 |a Labor productivity. 
700 1 |a Stein, David F.  |4 edt 
700 1 |a Tanner, Don.  |4 edt 
852 |a INST  |b CHIOS  |e 20010903  |h 387.540285 TAY  |p 005200021098  |q 005200021098  |t BK  |y 0 
901 |a BIBL2-2001-2 
909 |a Χ  |b 083937 
970 |a ΣΑΛΑΜΟΥΡΑ  |b ΜΑΡΙΑ  |z 2001/09/03